[Event "Madrid ch 2016/2017 - Previa A"]
[Site "Madrid ESP"]
[Date "2017.02.06"]
[Round "1.1"]
[White "Vukotic Jovsic, Dragan"]
[Black "De La Fuente Ebro, Miguel"]
[Result "1-0"]
[WhiteElo "1968"]
[BlackElo "1712"]
[PlyCount "59"]
[EventDate "2017.02.06"]
[EventType "swiss"]
[EventRounds "9"]
[EventCountry "ESP"]
[SourceTitle "Ajedrez en Madrid"]
[Source "lmi"]
[SourceDate "2017.02.06"]
[SourceVersion "1"]
[SourceVersionDate "2017.02.09"]
[SourceQuality "1"]

1. d4 Nf6 2. Nf3 g6 3. Bf4 d5 4. e3 e6 5. Nbd2 Bg7 6. Be2 O-O 7. h3 b6 8. O-O
Ba6 9. a4 Bxe2 10. Qxe2 Nbd7 11. a5 c5 12. c3 c4 13. b3 b5 14. bxc4 dxc4 15. a6
Nd5 16. Bd6 Re8 17. Rfc1 Qb6 18. Bh2 Nb8 19. e4 Nf6 20. Rcb1 Qc6 21. Ne5 Qc8
22. Rxb5 Nxa6 23. Rba5 Nc7 24. Rxa7 Rxa7 25. Rxa7 Nb5 26. Rxf7 Nxc3 27. Qf3
Ncxe4 28. Nxe4 Nxe4 29. Rxg7+ Kxg7 30. Qf7+ 1-0

[Event "Madrid ch 2016/2017 - Previa A"]
[Site "Madrid ESP"]
[Date "2017.02.06"]
[Round "1.2"]
[White "Gonzalez Recas, Fernando"]
[Black "Gil Sierra, Jacinto"]
[Result "0-1"]
[WhiteElo "1701"]
[BlackElo "1943"]
[PlyCount "66"]
[EventDate "2017.02.06"]
[EventType "swiss"]
[EventRounds "9"]
[EventCountry "ESP"]
[SourceTitle "Ajedrez en Madrid"]
[Source "lmi"]
[SourceDate "2017.02.06"]
[SourceVersion "1"]
[SourceVersionDate "2017.02.09"]
[SourceQuality "1"]

1. e4 c5 2. Nf3 Nc6 3. d4 cxd4 4. Nxd4 Nf6 5. Nc3 d6 6. Be2 e5 7. Nf3 h6 8. h3
Be7 9. a3 Be6 10. O-O d5 11. exd5 Nxd5 12. Nxd5 Qxd5 13. Qxd5 Bxd5 14. Be3 O-O
15. c4 Be6 16. b4 Bf6 17. Rad1 Rfd8 18. g4 a5 19. b5 Nd4 20. Nxd4 exd4 21. Bf4
Rac8 22. b6 Bxc4 23. Bxc4 Rxc4 24. Rd3 Rc3 25. Rfd1 Rxd3 26. Rxd3 a4 27. Kg2
Kf8 28. Kf3 Ke7 29. Ke2 Ke6 30. Rd1 Rd5 31. Bc7 Rb5 32. Rd3 Kd5 33. f3 Rb2+ 0-1

[Event "Madrid ch 2016/2017 - Previa A"]
[Site "Madrid ESP"]
[Date "2017.02.06"]
[Round "1.3"]
[White "Cardena Contreras, Javier"]
[Black "Olano Lanchas, Dionisio"]
[Result "1-0"]
[WhiteElo "1935"]
[BlackElo "1690"]
[PlyCount "115"]
[EventDate "2017.02.06"]
[EventType "swiss"]
[EventRounds "9"]
[EventCountry "ESP"]
[SourceTitle "Ajedrez en Madrid"]
[Source "lmi"]
[SourceDate "2017.02.06"]
[SourceVersion "1"]
[SourceVersionDate "2017.02.09"]
[SourceQuality "1"]

1. e4 c5 2. Nf3 Nc6 3. d4 cxd4 4. Nxd4 Nf6 5. Nc3 d6 6. Be2 e6 7. O-O Bd7 8.
Be3 a6 9. f4 Be7 10. Nxc6 Bxc6 11. Bf3 Qa5 12. e5 dxe5 13. Bxc6+ bxc6 14. Qf3
Rc8 15. fxe5 Qxe5 16. Rae1 Qb8 17. Bd4 O-O 18. Qh3 Qb4 19. Be5 Qg4 20. Qe3 Qg6
21. Qe2 a5 22. Rf3 Qh5 23. Qf1 Kh8 24. Rxf6 gxf6 25. Bxf6+ Bxf6 26. Qxf6+ Kg8
27. Re5 Qg6 28. Rg5 Rfd8 29. Rxg6+ hxg6 30. Qg5 Rd4 31. h4 Rcd8 32. Ne4 Kf8 33.
Qf6 R8d7 34. Ng5 R4d6 35. Ne4 Rd5 36. g4 Rd4 37. Qf3 Kg7 38. g5 R7d5 39. Qe3
Rd1+ 40. Kg2 Rf5 41. Qc3+ e5 42. Ng3 f6 43. Nxf5+ gxf5 44. gxf6+ Kxf6 45. Qxc6+
Ke7 46. Qc7+ Ke6 47. Qxa5 f4 48. Qa6+ Rd6 49. Qc4+ Kf6 50. Kf3 Kg6 51. Qe4+ Kf6
52. h5 Rd1 53. h6 Rh1 54. h7 Rh3+ 55. Kg2 Rh5 56. Qc6+ Kg7 57. Qd7+ Kh8 58.
Qe8+ 1-0

[Event "Madrid ch 2016/2017 - Previa A"]
[Site "Madrid ESP"]
[Date "2017.02.06"]
[Round "1.4"]
[White "Garcia Donoso, Alberto"]
[Black "Garcia Diez, Mariano"]
[Result "0-1"]
[WhiteElo "1678"]
[BlackElo "1911"]
[PlyCount "74"]
[EventDate "2017.02.06"]
[EventType "swiss"]
[EventRounds "9"]
[EventCountry "ESP"]
[SourceTitle "Ajedrez en Madrid"]
[Source "lmi"]
[SourceDate "2017.02.06"]
[SourceVersion "1"]
[SourceVersionDate "2017.02.09"]
[SourceQuality "1"]

1. e4 d5 2. exd5 Qxd5 3. Nf3 Bf5 4. Be2 e6 5. O-O Nf6 6. c4 Qa5 7. d4 c6 8. Bf4
Nbd7 9. a3 Ne4 10. Re1 Bb4 11. Rf1 Rd8 12. Qb3 Bd6 13. Bxd6 Nxd6 14. c5 Nb5 15.
Rd1 Be4 16. Ng5 Bd5 17. Qe3 Nf6 18. a4 Nc7 19. Nc3 Qb4 20. f4 O-O 21. Bd3 h6
22. Nge4 Ng4 23. Qg3 Qxd4+ 24. Kh1 Bxe4 25. Nxe4 f5 26. Bc2 Qxb2 27. Bb3 fxe4
28. Bxe6+ Nxe6 29. Qxg4 Nxf4 30. Rf1 Qe5 31. Rab1 Rd2 32. g3 Ne6 33. Rxf8+ Nxf8
34. Qh3 e3 35. Qf1 e2 36. Qe1 Qe4+ 37. Kg1 Qxb1 0-1

[Event "Madrid ch 2016/2017 - Previa A"]
[Site "Madrid ESP"]
[Date "2017.02.06"]
[Round "1.5"]
[White "Sotoca Aguado, Jose"]
[Black "Rottenwoerer, Christoph"]
[Result "0-1"]
[WhiteElo "1911"]
[BlackElo "1665"]
[PlyCount "144"]
[EventDate "2017.02.06"]
[EventType "swiss"]
[EventRounds "9"]
[EventCountry "ESP"]
[SourceTitle "Ajedrez en Madrid"]
[Source "lmi"]
[SourceDate "2017.02.06"]
[SourceVersion "1"]
[SourceVersionDate "2017.02.09"]
[SourceQuality "1"]

1. e4 c5 2. Nf3 g6 3. d4 cxd4 4. Nxd4 Bg7 5. Be2 Nc6 6. Nxc6 bxc6 7. O-O Rb8 8.
Nc3 Qa5 9. Kh1 Nf6 10. f4 d5 11. e5 Ng8 12. a3 e6 13. Bd2 Ne7 14. Ne4 Qd8 15.
Nd6+ Kf8 16. Bb4 h5 17. Qd4 Qb6 18. Bc5 Qd8 19. b4 Kg8 20. Bd3 a5 21. h3 Bd7
22. Rfb1 a4 23. c3 Nc8 24. Bc2 Nxd6 25. Bxd6 Ra8 26. Rf1 f5 27. exf6 Bxf6 28.
Be5 Kf7 29. Rae1 Rg8 30. c4 Be7 31. Rf3 Qc8 32. c5 Qf8 33. Qd1 Ra7 34. Bd4 Bf6
35. Bxf6 Kxf6 36. Qd4+ Kf7 37. Rg3 Qg7 38. Re5 Qf6 39. Qe3 Be8 40. Reg5 Kf8 41.
f5 exf5 42. Bxf5 Re7 43. Qd3 Qa1+ 44. Kh2 Re1 45. Re3 Rxe3 46. Qxe3 Qf6 47. Bd3
Rg7 48. Re5 Re7 49. Rxe7 Qxe7 50. Qxe7+ Kxe7 51. Bc2 d4 52. Kg3 Bf7 53. Bxa4
Bd5 54. Kf2 Ke6 55. Bc2 g5 56. Bd3 Bb3 57. Be4 Ba4 58. Bd3 Ke5 59. Ke2 h4 60.
Kd2 Kd5 61. Bg6 Ke5 62. Bh7 Bb5 63. Bc2 Bf1 64. a4 Bxg2 65. a5 Bxh3 66. a6 Bc8
67. a7 Bb7 68. Bd1 Kf4 69. Ke2 g4 70. Kf2 d3 71. Kg2 g3 72. Bf3 h3+ 0-1

[Event "Madrid ch 2016/2017 - Previa A"]
[Site "Madrid ESP"]
[Date "2017.02.06"]
[Round "1.6"]
[White "Diaz Begonte, Manuel"]
[Black "Tirado Parra, Alberto"]
[Result "0-1"]
[WhiteElo "1664"]
[BlackElo "1903"]
[PlyCount "25"]
[EventDate "2017.02.06"]
[EventType "swiss"]
[EventRounds "9"]
[EventCountry "ESP"]
[SourceTitle "Ajedrez en Madrid"]
[Source "lmi"]
[SourceDate "2017.02.06"]
[SourceVersion "1"]
[SourceVersionDate "2017.02.09"]
[SourceQuality "1"]

1. e4 d6 2. d4 Nf6 3. Nc3 Nbd7 4. Nf3 e5 5. d5 c6 6. Bg5 Be7 7. dxc6 bxc6 8.
Bc4 Rb8 9. b3 h6 10. Be3 O-O 11. Bxa7 Qa5 12. Bxb8 Qxc3+ 13. Nd2 0-1

[Event "Madrid ch 2016/2017 - Previa A"]
[Site "Madrid ESP"]
[Date "2017.02.06"]
[Round "1.7"]
[White "Rosa Ramirez, Victor D"]
[Black "Martinez Miura, Enrique"]
[Result "1-0"]
[WhiteElo "1902"]
[BlackElo "1660"]
[PlyCount "56"]
[EventDate "2017.02.06"]
[EventType "swiss"]
[EventRounds "9"]
[EventCountry "ESP"]
[SourceTitle "Ajedrez en Madrid"]
[Source "lmi"]
[SourceDate "2017.02.06"]
[SourceVersion "1"]
[SourceVersionDate "2017.02.09"]
[SourceQuality "1"]

1. e4 e6 2. d4 d5 3. e5 c5 4. c3 Nc6 5. Nf3 cxd4 6. cxd4 Nge7 7. a3 Nf5 8. b4
a6 9. Be3 Be7 10. Bd3 Nxe3 11. fxe3 O-O 12. O-O Bd7 13. Nbd2 Rc8 14. Nb3 h6 15.
Nc5 Bxc5 16. bxc5 b5 17. Qe1 Qa5 18. Qe2 Qc7 19. Nh4 Qd8 20. g3 Ne7 21. Qh5 Qe8
22. Qg4 Bc6 23. Rf6 Kh8 24. Raf1 g6 25. Nxg6+ Nxg6 26. Bxg6 fxg6 27. Rxf8+ Qxf8
28. Rxf8+ Rxf8 1-0

[Event "Madrid ch 2016/2017 - Previa A"]
[Site "Madrid ESP"]
[Date "2017.02.06"]
[Round "1.8"]
[White "Rodriguez Bachiller, Luis"]
[Black "Santamaria Baeza, Adolfo"]
[Result "0-1"]
[WhiteElo "1656"]
[BlackElo "1872"]
[PlyCount "102"]
[EventDate "2017.02.06"]
[EventType "swiss"]
[EventRounds "9"]
[EventCountry "ESP"]
[SourceTitle "Ajedrez en Madrid"]
[Source "lmi"]
[SourceDate "2017.02.06"]
[SourceVersion "1"]
[SourceVersionDate "2017.02.09"]
[SourceQuality "1"]

1. Nf3 Nf6 2. g3 Nc6 3. Bg2 d5 4. c4 d4 5. d3 e5 6. O-O Be7 7. a3 a5 8. b3 O-O
9. a4 Re8 10. Na3 Bb4 11. Bd2 Bd7 12. Nc2 Bc5 13. Be1 Qe7 14. Nd2 Rad8 15. f3
Bf5 16. Bf2 Qd7 17. Ne4 Nxe4 18. dxe4 Bh3 19. Ne1 Bxg2 20. Kxg2 Bb4 21. Nd3 b6
22. Be1 Bd6 23. Qc2 Re6 24. Nf2 Bb4 25. Rd1 Bxe1 26. Rfxe1 Nb4 27. Qb1 Rh6 28.
h4 Qd6 29. Nd3 c5 30. Nxb4 axb4 31. Qc1 Rg6 32. Rh1 h5 33. Rhf1 Qe7 34. Rh1 Rf8
35. Qc2 Qf6 36. Rh3 Qe6 37. Rf1 f5 38. exf5 Rxf5 39. Qd3 e4 40. Qxe4 Re5 41.
Qd3 Rxe2+ 42. Rf2 Re3 43. Qd1 Qe5 44. Kh2 d3 45. f4 Qe4 46. Qh1 Rgxg3 47. Qxe4
Rxh3+ 48. Kg2 Rxe4 49. Kxh3 Re2 50. Kg2 Rc2 51. Kf3 d2 0-1

[Event "Madrid ch 2016/2017 - Previa A"]
[Site "Madrid ESP"]
[Date "2017.02.06"]
[Round "1.9"]
[White "Lopez Heras, Arturo"]
[Black "Martinez Carrasco, Jesus"]
[Result "1-0"]
[WhiteElo "1862"]
[BlackElo "1618"]
[PlyCount "65"]
[EventDate "2017.02.06"]
[EventType "swiss"]
[EventRounds "9"]
[EventCountry "ESP"]
[SourceTitle "Ajedrez en Madrid"]
[Source "lmi"]
[SourceDate "2017.02.06"]
[SourceVersion "1"]
[SourceVersionDate "2017.02.09"]
[SourceQuality "1"]

1. d4 Nf6 2. c4 e6 3. Nc3 Bb4 4. e3 d5 5. Nf3 Ne4 6. Qc2 Nxc3 7. bxc3 Be7 8.
cxd5 exd5 9. Bd3 g6 10. O-O O-O 11. c4 Bg4 12. Ne5 Be6 13. cxd5 Bxd5 14. e4 Be6
15. d5 Bd7 16. Rb1 b6 17. Bh6 Re8 18. Rbc1 Bd6 19. Nf3 a5 20. Rfe1 Na6 21. e5
Bf8 22. Bxf8 Kxf8 23. Qc3 Kg8 24. e6 fxe6 25. dxe6 Bxe6 26. Rxe6 Rxe6 27. Bc4
Nc5 28. Re1 Qd6 29. Nd4 Rae8 30. Nxe6 Nxe6 31. Qf6 b5 32. Bxe6+ Rxe6 33. Qxe6+
1-0

[Event "Madrid ch 2016/2017 - Previa A"]
[Site "Madrid ESP"]
[Date "2017.02.06"]
[Round "1.10"]
[White "Ramos Antona, Enrique"]
[Black "Fernandez Garcia, Ignacio"]
[Result "0-1"]
[WhiteElo "1613"]
[BlackElo "1856"]
[PlyCount "58"]
[EventDate "2017.02.06"]
[EventType "swiss"]
[EventRounds "9"]
[EventCountry "ESP"]
[SourceTitle "Ajedrez en Madrid"]
[Source "lmi"]
[SourceDate "2017.02.06"]
[SourceVersion "1"]
[SourceVersionDate "2017.02.09"]
[SourceQuality "1"]

1. d4 d5 2. c4 c6 3. Nc3 Nf6 4. Nf3 Bf5 5. cxd5 cxd5 6. e3 e6 7. Nh4 Bg4 8. f3
Bh5 9. g4 Nxg4 10. Bb5+ Nc6 11. Ng2 Nf6 12. Nf4 Bd6 13. Bxc6+ bxc6 14. Nxh5
Nxh5 15. Ke2 e5 16. dxe5 Bxe5 17. Qa4 O-O 18. Bd2 d4 19. Ne4 dxe3 20. Bxe3 Rb8
21. Rab1 Re8 22. b3 Bf4 23. Rbd1 Qe7 24. Rd3 f5 25. Qxc6 fxe4 26. Rd7 exf3+ 27.
Kd1 Qxe3 28. Qc4+ Kh8 29. Qc1 Qe2# 0-1

[Event "Madrid ch 2016/2017 - Previa A"]
[Site "Madrid ESP"]
[Date "2017.02.06"]
[Round "1.11"]
[White "Pashov, Spas Nikolov"]
[Black "Villodre Miranda, Juan Alonso"]
[Result "1-0"]
[WhiteElo "1853"]
[BlackElo "1596"]
[PlyCount "29"]
[EventDate "2017.02.06"]
[EventType "swiss"]
[EventRounds "9"]
[EventCountry "ESP"]
[SourceTitle "Ajedrez en Madrid"]
[Source "lmi"]
[SourceDate "2017.02.06"]
[SourceVersion "1"]
[SourceVersionDate "2017.02.09"]
[SourceQuality "1"]

1. e4 c5 2. Nf3 d6 3. d4 cxd4 4. Nxd4 Nc6 5. c4 g6 6. Nc3 Bg7 7. Be3 a6 8. Be2
Nf6 9. O-O O-O 10. Rb1 Nxd4 11. Bxd4 Bd7 12. f3 Qc7 13. Qd2 Ne8 14. Nd5 Bxd4+
15. Qxd4 1-0

[Event "Madrid ch 2016/2017 - Previa A"]
[Site "Madrid ESP"]
[Date "2017.02.06"]
[Round "1.12"]
[White "Ballesteros Jimenez, Miguel A"]
[Black "Lozano Sanchez, Jose Antonio"]
[Result "0-1"]
[WhiteElo "1592"]
[BlackElo "1843"]
[PlyCount "62"]
[EventDate "2017.02.06"]
[EventType "swiss"]
[EventRounds "9"]
[EventCountry "ESP"]
[SourceTitle "Ajedrez en Madrid"]
[Source "lmi"]
[SourceDate "2017.02.06"]
[SourceVersion "1"]
[SourceVersionDate "2017.02.09"]
[SourceQuality "1"]

1. e4 e5 2. Nf3 Nc6 3. d4 exd4 4. Bc4 d6 5. Nxd4 Ne5 6. Bb3 Nf6 7. Nc3 Be7 8.
h3 a6 9. Be3 Bd7 10. Qd2 b5 11. f3 c5 12. Nd5 c4 13. Bxc4 Nxc4 14. Nxf6+ Bxf6
15. Qd3 Nxe3 16. Qxe3 O-O 17. O-O-O Qb6 18. Qd3 Rfd8 19. Rhe1 Ra7 20. Kb1 Qxd4
21. Qxd4 Bxd4 22. Rxd4 Be6 23. a4 Kf8 24. Red1 Ke7 25. a5 Rc7 26. b4 Rc4 27.
Kb2 f6 28. R1d2 Rxd4 29. Rxd4 d5 30. c3 dxe4 31. Rxe4 Rd2+ 0-1

[Event "Madrid ch 2016/2017 - Previa A"]
[Site "Madrid ESP"]
[Date "2017.02.06"]
[Round "1.13"]
[White "Osorio Ramos, Francisco"]
[Black "Gortazar Rubial, Javier Maria"]
[Result "1-0"]
[WhiteElo "1838"]
[BlackElo "1569"]
[PlyCount "50"]
[EventDate "2017.02.06"]
[EventType "swiss"]
[EventRounds "9"]
[EventCountry "ESP"]
[SourceTitle "Ajedrez en Madrid"]
[Source "lmi"]
[SourceDate "2017.02.06"]
[SourceVersion "1"]
[SourceVersionDate "2017.02.09"]
[SourceQuality "1"]

1. d4 d5 2. c4 e6 3. Nc3 Nf6 4. cxd5 exd5 5. Bg5 Be7 6. Qc2 Be6 7. e3 Nbd7 8.
Bd3 c6 9. Nge2 h6 10. Bh4 Qc7 11. Nf4 Bd6 12. Nxe6 fxe6 13. Bg6+ Ke7 14. O-O-O
Raf8 15. Kb1 Kd8 16. e4 Be7 17. Bg3 Qb6 18. Rhe1 Nh7 19. exd5 Ng5 20. dxe6 Nf6
21. h4 Ngh7 22. d5 Ng4 23. d6 Nxf2 24. dxe7+ Kxe7 25. Rd7+ Kf6 1-0

[Event "Madrid ch 2016/2017 - Previa A"]
[Site "Madrid ESP"]
[Date "2017.02.06"]
[Round "1.14"]
[White "Beekhof Harmsen, Willen"]
[Black "Serrano Garcia, Vicente"]
[Result "0-1"]
[WhiteElo "1561"]
[BlackElo "1822"]
[PlyCount "84"]
[EventDate "2017.02.06"]
[EventType "swiss"]
[EventRounds "9"]
[EventCountry "ESP"]
[SourceTitle "Ajedrez en Madrid"]
[Source "lmi"]
[SourceDate "2017.02.06"]
[SourceVersion "1"]
[SourceVersionDate "2017.02.09"]
[SourceQuality "1"]

1. Nf3 d5 2. g3 g6 3. Bg2 c5 4. c3 Bg7 5. d4 cxd4 6. cxd4 Nc6 7. O-O Nf6 8. Nc3
O-O 9. a3 Bf5 10. Nh4 Bg4 11. h3 Be6 12. Nf3 h6 13. Bf4 g5 14. Be5 Nxe5 15.
Nxe5 Bf5 16. e3 e6 17. Rc1 Qa5 18. Qa4 Qd8 19. g4 Bh7 20. f4 gxf4 21. exf4 Qb6
22. Nd1 Rac8 23. Rc3 Ne4 24. Rb3 Qc7 25. Qxa7 Nd6 26. Rc3 Qe7 27. Qa4 Nc4 28.
Qd7 Qxd7 29. Nxd7 Bxd4+ 30. Kh2 Rfd8 31. Rxc4 Rxc4 32. Ne5 Bxe5 33. fxe5 Rc1
34. Nc3 Rxf1 35. Bxf1 d4 36. Nb5 d3 37. Nd6 Rd7 38. Ne8 d2 39. Be2 d1=Q 40.
Nf6+ Kg7 41. Nh5+ Kf8 42. Bxd1 Rxd1 0-1

[Event "Madrid ch 2016/2017 - Previa A"]
[Site "Madrid ESP"]
[Date "2017.02.06"]
[Round "1.15"]
[White "Rueda Maria, Ramiro"]
[Black "Jaumandreu Llopis, Antonio"]
[Result "1-0"]
[WhiteElo "1819"]
[BlackElo "1541"]
[PlyCount "47"]
[EventDate "2017.02.06"]
[EventType "swiss"]
[EventRounds "9"]
[EventCountry "ESP"]
[SourceTitle "Ajedrez en Madrid"]
[Source "lmi"]
[SourceDate "2017.02.06"]
[SourceVersion "1"]
[SourceVersionDate "2017.02.09"]
[SourceQuality "1"]

1. c4 f5 2. d4 Nf6 3. Nc3 e6 4. g3 Be7 5. Bg2 c6 6. Nf3 O-O 7. O-O d5 8. cxd5
cxd5 9. Bf4 a6 10. Rc1 Nc6 11. Na4 Bd7 12. Nc5 Bxc5 13. Rxc5 Rc8 14. Bg5 Qe8
15. Bxf6 Rxf6 16. Qb3 b6 17. Qxb6 Rb8 18. Qxa6 Nxd4 19. Nxd4 e5 20. Bxd5+ Kh8
21. Nc6 Rh6 22. Qc4 Rc8 23. Rc1 e4 24. Ne5 1-0

[Event "Madrid ch 2016/2017 - Previa A"]
[Site "Madrid ESP"]
[Date "2017.02.06"]
[Round "1.16"]
[White "Castro Uceda, Jose Antonio"]
[Black "Cruz Gonzalez, Antonio"]
[Result "0-1"]
[WhiteElo "1532"]
[BlackElo "1817"]
[PlyCount "86"]
[EventDate "2017.02.06"]
[EventType "swiss"]
[EventRounds "9"]
[EventCountry "ESP"]
[SourceTitle "Ajedrez en Madrid"]
[Source "lmi"]
[SourceDate "2017.02.06"]
[SourceVersion "1"]
[SourceVersionDate "2017.02.09"]
[SourceQuality "1"]

1. e4 e6 2. d4 d5 3. exd5 exd5 4. Nf3 Be7 5. Bb5+ c6 6. Ba4 Nf6 7. O-O O-O 8.
h3 a5 9. c3 Re8 10. Bc2 Bf8 11. Bg5 h6 12. Bf4 Nbd7 13. Qd3 Qb6 14. Ne5 g5 15.
Bg3 Nxe5 16. Bxe5 Ne4 17. f3 Rxe5 18. fxe4 dxe4 19. Qe2 f5 20. Kh1 Re7 21. Bb3+
Kg7 22. Nd2 a4 23. Nc4 Qb5 24. Bd1 Be6 25. Ne5 Qxe2 26. Bxe2 f4 27. c4 Ree8 28.
Bh5 Red8 29. Rad1 Bd6 30. d5 cxd5 31. cxd5 Bxe5 32. dxe6 Kf6 33. Bg4 h5 34.
Bxh5 Kxe6 35. b3 axb3 36. axb3 Rd4 37. Rfe1 Rxd1 38. Bxd1 Kd5 39. Bc2 e3 40.
Rd1+ Kc5 41. Be4 Ra1 42. Rxa1 Bxa1 43. Bxb7 e2 0-1

[Event "Madrid ch 2016/2017 - Previa A"]
[Site "Madrid ESP"]
[Date "2017.02.06"]
[Round "1.17"]
[White "Jimenez Gonzalez, Marcos"]
[Black "Cupeiro Fernandez, Manuel"]
[Result "1/2-1/2"]
[WhiteElo "1798"]
[BlackElo "1511"]
[PlyCount "60"]
[EventDate "2017.02.06"]
[EventType "swiss"]
[EventRounds "9"]
[EventCountry "ESP"]
[SourceTitle "Ajedrez en Madrid"]
[Source "lmi"]
[SourceDate "2017.02.06"]
[SourceVersion "1"]
[SourceVersionDate "2017.02.09"]
[SourceQuality "1"]

1. d4 d5 2. c4 e6 3. Nf3 Be7 4. g3 Nf6 5. Bg2 O-O 6. O-O c6 7. Nbd2 Nbd7 8. Qc2
Re8 9. e4 dxe4 10. Nxe4 Nxe4 11. Qxe4 Nf8 12. Be3 Bf6 13. Qc2 Qc7 14. Rac1 Bd7
15. Rfd1 Rad8 16. b4 Qb8 17. Bf4 Qc8 18. Qb3 Ng6 19. Be3 b6 20. a4 Qb8 21. b5
cxb5 22. cxb5 Bc8 23. Qc4 Bb7 24. Qc7 Qa8 25. Nh4 Bxg2 26. Nxg2 Rc8 27. Qd7 Nf8
28. Qd6 Red8 29. Qa3 Qe4 30. Rxc8 Rxc8 1/2-1/2

[Event "Madrid ch 2016/2017 - Previa A"]
[Site "Madrid ESP"]
[Date "2017.02.06"]
[Round "1.18"]
[White "Montejano Siguero, Sonia"]
[Black "Roldan Garcia, Angel"]
[Result "0-1"]
[WhiteElo "1483"]
[BlackElo "1794"]
[PlyCount "72"]
[EventDate "2017.02.06"]
[EventType "swiss"]
[EventRounds "9"]
[EventCountry "ESP"]
[SourceTitle "Ajedrez en Madrid"]
[Source "lmi"]
[SourceDate "2017.02.06"]
[SourceVersion "1"]
[SourceVersionDate "2017.02.09"]
[SourceQuality "1"]

1. e4 c5 2. Bc4 Nc6 3. Bxf7+ Kxf7 4. Qh5+ g6 5. Qxc5 e6 6. Qc3 Bg7 7. Qf3+ Qf6
8. c3 Ne5 9. Qe2 Ne7 10. d4 N5c6 11. Nf3 Ke8 12. Bg5 Qf7 13. Bxe7 Qxe7 14. O-O
d6 15. Nbd2 a6 16. a4 Rf8 17. Rae1 Kf7 18. Qd1 Kg8 19. d5 Ne5 20. Nxe5 Bxe5 21.
Nf3 Bg7 22. dxe6 Bxe6 23. Nd4 Bc4 24. Ne2 Rad8 25. b3 Bxe2 26. Qxe2 Qe6 27. c4
Bd4 28. Qd2 Qe5 29. Rd1 Bb6 30. Qd5+ Qxd5 31. exd5 Rde8 32. Rd2 Re4 33. g3 Rf3
34. Rb2 Bd4 35. Kg2 Rxg3+ 36. Kxg3 Bxb2 0-1

[Event "Madrid ch 2016/2017 - Previa A"]
[Site "Madrid ESP"]
[Date "2017.02.06"]
[Round "1.19"]
[White "Saber, Salah"]
[Black "Suarez Mencia, Roberto"]
[Result "1-0"]
[WhiteElo "1783"]
[BlackElo "1454"]
[PlyCount "61"]
[EventDate "2017.02.06"]
[EventType "swiss"]
[EventRounds "9"]
[EventCountry "ESP"]
[SourceTitle "Ajedrez en Madrid"]
[Source "lmi"]
[SourceDate "2017.02.06"]
[SourceVersion "1"]
[SourceVersionDate "2017.02.09"]
[SourceQuality "1"]

1. d4 Nf6 2. c4 g6 3. Nc3 Bg7 4. e4 d6 5. f4 e5 6. dxe5 dxe5 7. Qxd8+ Kxd8 8.
fxe5 Ng4 9. Bg5+ Ke8 10. Rd1 f6 11. exf6 Bxf6 12. Bxf6 Nxf6 13. e5 Ng4 14. Nd5
Kf7 15. Nf3 h6 16. Nxc7 Ne3 17. Rd6 Ke7 18. Nxa8 Nc6 19. Rd2 Be6 20. Nc7 Bxc4
21. Bxc4 Nxc4 22. Re2 Rc8 23. Nd5+ Ke6 24. Nf4+ Kf5 25. Nd5 Ke6 26. Nf4+ Kf5
27. Nd3 b6 28. O-O Ke6 29. b3 Na3 30. Nh4 Rd8 31. Rf6+ 1-0

[Event "Madrid ch 2016/2017 - Previa A"]
[Site "Madrid ESP"]
[Date "2017.02.06"]
[Round "1.20"]
[White "Enriquez Pastor, Jorge"]
[Black "Sanchez Hernandez, Guillermo"]
[Result "0-1"]
[WhiteElo "1438"]
[BlackElo "1781"]
[PlyCount "96"]
[EventDate "2017.02.06"]
[EventType "swiss"]
[EventRounds "9"]
[EventCountry "ESP"]
[SourceTitle "Ajedrez en Madrid"]
[Source "lmi"]
[SourceDate "2017.02.06"]
[SourceVersion "1"]
[SourceVersionDate "2017.02.09"]
[SourceQuality "1"]

1. e4 c5 2. Nf3 e6 3. d4 cxd4 4. Nxd4 a6 5. Nc3 Qc7 6. Bd3 Nf6 7. Bg5 Be7 8.
Qf3 d6 9. O-O Nbd7 10. Nb3 b5 11. e5 Bb7 12. exd6 Bxd6 13. Ne4 Bxh2+ 14. Kh1
Be5 15. Rab1 Nxe4 16. Bxe4 Bxe4 17. Qxe4 O-O 18. Qg4 Qxc2 19. f4 Bf6 20. Bxf6
Nxf6 21. Qf3 Qe4 22. Nc5 Qxf3 23. Rxf3 Rfc8 24. b4 Nd5 25. a3 a5 26. Nd7 axb4
27. axb4 Rc4 28. f5 exf5 29. Rxf5 Rxb4 30. Rxb4 Nxb4 31. Rxb5 Nd3 32. Kh2 h6
33. Rb8+ Rxb8 34. Nxb8 Ne5 35. Na6 g5 36. Nc5 Kg7 37. g3 Kg6 38. Ne4 f5 39. Nf2
Ng4+ 40. Nxg4 fxg4 41. Kg2 Kf5 42. Kf1 Ke4 43. Ke2 h5 44. Kf2 Kd3 45. Kf1 Ke3
46. Kg2 Ke2 47. Kg1 Kf3 48. Kh2 Kf2 0-1

[Event "Madrid ch 2016/2017 - Previa A"]
[Site "Madrid ESP"]
[Date "2017.02.06"]
[Round "1.21"]
[White "Ortega Morales, Pedro"]
[Black "Sierra Garcia, Ricardo"]
[Result "1-0"]
[WhiteElo "1760"]
[BlackElo "1404"]
[PlyCount "124"]
[EventDate "2017.02.06"]
[EventType "swiss"]
[EventRounds "9"]
[EventCountry "ESP"]
[SourceTitle "Ajedrez en Madrid"]
[Source "lmi"]
[SourceDate "2017.02.06"]
[SourceVersion "1"]
[SourceVersionDate "2017.02.09"]
[SourceQuality "1"]

1. d4 Nf6 2. Bf4 g6 3. e3 Bg7 4. Be2 O-O 5. Nf3 d6 6. h3 Nc6 7. O-O Ne8 8. c3
e5 9. dxe5 dxe5 10. Qxd8 Nxd8 11. Bxe5 Bh6 12. Na3 Nc6 13. Bg3 a6 14. Rfd1 Bf5
15. Bd3 Be6 16. Nc2 Nd6 17. Ncd4 Nd8 18. b3 Rc8 19. Bc2 Ne8 20. c4 c5 21. Nxe6
Nxe6 22. Be4 Bg7 23. Rab1 b6 24. Bb7 Rd8 25. Rxd8 Nxd8 26. Bxa6 Nc6 27. a3 Nf6
28. Bb5 Na7 29. Ba6 Ne4 30. Bc7 Nc3 31. Re1 b5 32. Bb6 bxc4 33. Bxc4 Ne4 34.
Bxa7 Ra8 35. Bd5 Rxa7 36. Bxe4 Rxa3 37. Bd5 h6 38. Bc4 Kf8 39. Rd1 Ke7 40. Rd5
Ra5 41. Nd2 Bc3 42. Ne4 Bb4 43. g4 Ba3 44. Rd6 Ra7 45. Ra6 Rxa6 46. Bxa6 Ke6
47. f4 Kd5 48. Bb7+ Ke6 49. Kf2 Ke7 50. Ke2 f5 51. gxf5 gxf5 52. Ng3 Kf6 53.
Bc8 Bb2 54. Nxf5 h5 55. Ng3 Kg6 56. f5+ Kh6 57. Ne4 Ba3 58. Kf3 Kg7 59. Kf4 c4
60. bxc4 Be7 61. f6+ Bxf6 62. Nxf6 Kxf6 1-0